[Event "45th Olympiad 2024"]
[Site "Budapest HUN"]
[Date "2024.09.12"]
[Round "2.10"]
[Board "2"]
[White "Daneshvar, Bardiya"]
[Black "Pereira, Ruben"]
[Result "1-0"]
[WhiteElo "2598"]
[BlackElo "2457"]
[PlyCount "183"]
[EventDate "2024.09.11"]
[WhiteTeam "Iran"]
[BlackTeam "Portugal"]
[WhiteTeamCountry "IRI"]
[BlackTeamCountry "POR"]

1. c4 e6 2. Nc3 d5 3. d4 Nf6 4. cxd5 exd5 5. Bg5 c6 6. e3 h6 7. Bh4 Be7 8. Bd3 O-O 9. h3 Ne8 ({RR} 9... Re8 10. Bg3 Nbd7 11. Nf3 Nb6 12. O-O a5 13. Qc2 a4 14. a3 Be6 15. Rae1 Nc4 16. Ne5 Qa5 17. f4 Nd6 18. f5 Bc8 19. Bf4 c5 20. g4 cxd4 21. exd4 Qb6 22. Qf2 Bf8 23. Kh2 Nde4 24. Bxe4 {0-1 Eljanov,P (2694)-Kramnik,V (2753) Titled Tue 20th Jun Early 2023 (9)}) ({RR} 9... Re8 10. Nge2 Nh5 11. Bxe7 Qxe7 12. O-O Nd7 13. a3 a5 14. Qc2 Nb6 15. Qb3 Qd8 16. Rfe1 Be6 17. Nf4 Nf6 18. Rad1 Rb8 19. Qc2 Qd6 20. f3 Bd7 21. Qf2 c5 22. Bb1 Bc6 23. Ba2 Rbd8 24. dxc5 {½-½ Narayanan,S (2695)-Vaz,E (2426) Dubai Police Open A 2024 (1.4)}) 10. Bg3 Nd6 11. Nf3 $146 ({RR} 11. Nge2 Re8 12. O-O Bf8 13. Qd2 Bf5 14. f3 Nd7 15. Rae1 Bxd3 16. Qxd3 b5 17. e4 b4 18. Bxd6 Bxd6 19. Na4 Nb6 20. Nxb6 axb6 21. exd5 cxd5 22. Qb3 Qg5 23. f4 Bxf4 24. Nxf4 Rxe1 25. Rxe1 Qxf4 {½-½ So,W (2769)-Tahbaz,A (2441) Titled Tue 22nd Aug Early 2023 (4)}) ({RR} 11. Qc2 Re8 12. Nge2 Bf8 13. O-O a5 14. Rae1 Na6 15. a3 Bd7 16. e4 dxe4 17. Nxe4 Nxe4 18. Bxe4 Nc7 19. Nc3 Be6 20. Rd1 Nd5 21. Na4 Bd6 22. Bxd6 Qxd6 23. Nc5 b6 24. Na4 b5 25. Nc5 Nb6 {0-1 Bruedigam,M (2379)-Harish,N (2231) Titled Tue 6th Jun Late 2023 (2)}) 11... Be6 12. O-O Nd7 13. Rc1 Re8 14. Qb3 Nb6 15. Rfd1 Ne4 16. Bh2 Bd6 17. Bxd6 Nxd6 18. a4 a5 19. Ne5 Nd7 20. Qc2 Nb8 21. Rb1 Na6 22. Na2 Qb6 23. Qd2 Bf5 24. Bxf5 Nxf5 25. b4 axb4 26. Nxb4 Nxb4 27. Rxb4 Qc7 28. Rdb1 Nd6 29. Qc2 Ra5 30. Nd3 Rea8 31. Nc5 b5 32. Qd1 Qa7 33. axb5 Nxb5 34. Qd3 Ra1 35. Rxa1 Qxa1+ 36. Rb1 Qa2 37. Rf1 Nd6 38. Qb1 Qa7 39. Qb4 Rb8 40. Qa4 Qxa4 41. Nxa4 Nc4 42. Nc5 Ra8 43. h4 Ra5 44. h5 Kf8 45. g4 Ke7 46. Kg2 Ra2 47. Kg3 Nd2 48. Rc1 Kd6 49. Kf4 Nc4 50. Kf3 Nd2+ 51. Kg3 Kc7 52. Kf4 Nc4 53. f3 Ra3 54. Rb1 Nd6 55. Rg1 Ra2 56. g5 Rh2 57. Kg4 hxg5 58. Kxg5 Rh3 59. Kg4 Rh2 60. Ra1 Rg2+ 61. Kf4 Nc8 62. Rh1 Nd6 63. h6 gxh6 64. Rxh6 Re2 65. Rf6 Rh2 66. e4 dxe4 67. Nxe4 Rh4+ 68. Ke3 Nxe4 69. Rxf7+ Kd6 70. fxe4 Rh3+ 71. Rf3 Rh6 72. Kd3 Rh1 73. Rf6+ Kd7 74. Ke3 Rd1 75. Rh6 Kc7 76. Rh7+ Kd8 77. Rg7 Kc8 78. e5 Kd8 79. Ke4 Rd2 80. e6 Re2+ 81. Kf5 Re1 82. Kf6 Rf1+ 83. Ke5 Rd1 84. Ra7 Rd2 85. e7+ Ke8 86. Ke6 Re2+ 87. Kd6 Kf7 88. Kxc6 Ke8 89. d5 Rc2+ 90. Kd6 Rc8 91. Ke6 Rc6+ 92. d6 1-0

[Event "45th Olympiad 2024"]
[Site "Budapest HUN"]
[Date "2024.09.12"]
[Round "2.10"]
[Board "4"]
[White "Movahed, Sina"]
[Black "Barria Santos, Jose Guilherme"]
[Result "1-0"]
[WhiteElo "2528"]
[BlackElo "2411"]
[PlyCount "97"]
[EventDate "2024.09.11"]
[WhiteTeam "Iran"]
[BlackTeam "Portugal"]
[WhiteTeamCountry "IRI"]
[BlackTeamCountry "POR"]

1. e4 e5 2. Nf3 Nc6 3. Bb5 a6 4. Ba4 Nf6 5. O-O Be7 6. d3 b5 7. Bb3 d6 8. Bd2 O-O 9. h3 Bd7 ({RR} 9... h6 10. Re1 Re8 11. a3 Bf8 12. Nc3 Rb8 13. Ba2 Ne7 14. Nh4 g5 15. Nf3 Ng6 16. Nh2 c6 17. Ne2 d5 18. Ng3 dxe4 19. dxe4 Rb7 20. Qf3 Nf4 21. Rad1 Rd7 22. Be3 Rxd1 23. Rxd1 Qe7 24. Ng4 {1-0 Carlsen,M (2872)-Vitiugov,N (2747) Tata Steel-A 82nd 2020 (8)}) 10. Re1 h6 11. c4 $146 ({RR} 11. c3 Na5 12. Bc2 c5 13. d4 Nc4 14. Bc1 cxd4 15. cxd4 Qc7 16. d5 Rfc8 17. Bd3 Kh7 18. Nbd2 g6 19. b3 Nb6 20. Bb2 Nh5 21. Rc1 Qb7 22. Rxc8 Rxc8 23. Qb1 Nf4 24. Bf1 Bf6 25. Rc1 Rf8 {0-1 Ronka,E (2273)-Kim,Y (2304) Titled Tue 1st Aug Early 2023 (3)}) ({RR} 11. a3 Qc8 12. Nc3 Na5 13. Ba2 c5 14. b4 Nb7 15. Nd5 Nxd5 16. Bxd5 Bc6 17. Bb3 Kh8 18. g4 a5 19. c3 a4 20. Ba2 f5 21. gxf5 Rxf5 22. exf5 Qxf5 23. Nh2 Rf8 24. f3 c4 25. Re4 cxd3 {1-0 Druska,J (2441)-Ulhaq,Z (2203) 45th Olympiad 2024 (2.43)}) 11... b4 12. a3 a5 13. Be3 Re8 14. Nbd2 Bf8 15. Rc1 Be6 16. Kh2 Nb8 17. d4 exd4 18. Nxd4 Bd7 19. Bc2 c5 20. Ne2 Bc6 21. Ng3 Nbd7 22. f4 g6 23. Bf2 h5 24. Ngf1 Bh6 25. Qf3 Nh7 26. Rb1 Qf6 27. g3 bxa3 28. bxa3 Rab8 29. Ne3 Qc3 30. Qd1 h4 31. Ng4 hxg3+ 32. Bxg3 Bg7 33. Rxb8 Rxb8 34. Re3 Qa1 35. Rd3 Qxd1 36. Bxd1 Bf8 37. Bf3 Rb2 38. Kg1 Ndf6 39. Ne3 Ra2 40. Kf1 Rb2 41. h4 Nh5 42. Bxh5 gxh5 43. Nd5 Kg7 44. e5 dxe5 45. fxe5 Kg6 46. Ne4 Kf5 47. Nd6+ Bxd6 48. exd6 Ke6 49. Re3+ 1-0

[Event "45th Olympiad 2024"]
[Site "Budapest HUN"]
[Date "2024.09.12"]
[Round "2.11"]
[Board "3"]
[White "Bartel, Mateusz"]
[Black "Juhasz, Agoston"]
[Result "1-0"]
[WhiteElo "2618"]
[BlackElo "2427"]
[PlyCount "63"]
[EventDate "2024.09.11"]
[WhiteTeam "Poland"]
[BlackTeam "Hungary C"]
[WhiteTeamCountry "POL"]

1. c4 e5 2. Nc3 Bb4 3. Nd5 Bc5 4. e3 Nf6 5. b4 Nxd5 6. bxc5 Nf6 7. Nf3 ({RR} 7. Bb2 Qe7 8. Nf3 e4 9. Ng5 h6 10. Bxf6 gxf6 11. Nh3 Qxc5 12. Nf4 Qe5 13. d4 exd3 14. Bxd3 d6 15. O-O Na6 16. Nd5 c6 17. Nf4 Nc5 18. Rb1 Bd7 19. Qd2 O-O-O 20. Bc2 Be6 21. Rb4 Rd7 {1-0 Ashraf,A (2388)-Caruana,F (2798) Titled Tue 10th Sep Early 2024 (10)}) ({RR} 7. d4 exd4 8. exd4 O-O 9. Bd3 b6 10. Ne2 bxc5 11. dxc5 Nc6 12. O-O Re8 13. Nc3 Ne5 14. Bg5 Bb7 15. Bxh7+ Kxh7 16. Qb1+ Kg8 17. Qxb7 Rb8 18. Qxa7 Nc6 19. Qa3 Re5 20. h4 Nd4 21. Rad1 Ne6 {1-0 Bartel,M (2611)-Juksta,K (2438) EU-ch 21st Reykjavik 2021 (10)}) 7... e4 8. Nd4 Nc6 $146 ({RR} 8... O-O 9. Be2 Nc6 10. O-O d5 11. Nxc6 bxc6 12. Bb2 Be6 13. cxd5 cxd5 14. Bd4 c6 15. Qa4 Rc8 16. Qxa7 Nd7 17. Qa3 Qg5 18. f4 Qg6 19. Qc3 Ra8 20. a4 Rfb8 21. a5 Nf8 22. Rfb1 h5 23. a6 {1-0 Srihari,L (2444)-Nurgaliyeva,Z (2051) Titled Tue 19th Sep Early 2023 (6)}) ({RR} 8... O-O 9. a4 b6 10. Ba3 bxc5 11. Bxc5 d6 12. Ba3 c5 13. Nb5 Bg4 14. f3 exf3 15. gxf3 Ne4 16. h4 Bh5 17. Be2 Ng3 18. Rh3 Nxe2 19. Qxe2 Nc6 20. Kf2 Rb8 21. Rg1 a6 22. Nc3 Rb3 23. Bc1 {½-½ Caruana,F (2782)-Carlsen,M (2835) Julius Baer Rapid Div 1 W 2023 (2.4)}) 9. Bb2 O-O 10. Be2 b6 11. O-O bxc5 12. Nxc6 dxc6 13. f4 exf3 14. Rxf3 Ne4 15. d3 Ng5 16. Rg3 f6 17. Qf1 Rb8 18. Bc3 Qd6 19. Qf2 Kh8 20. Rf1 Bd7 21. Qe1 h6 22. Qf2 Rbe8 23. h4 Nh7 24. e4 Rb8 25. Bh5 Be8 26. Bg4 Rf7 27. Bf5 Nf8 28. Qe3 Nd7 29. Bxd7 Bxd7 30. e5 Qe6 31. Rg6 Kg8 32. Qxh6 1-0

[Event "45th Olympiad 2024"]
[Site "Budapest HUN"]
[Date "2024.09.12"]
[Round "2.12"]
[Board "1"]
[White "Keinanen, Toivo"]
[Black "Suleymanli, Aydin"]
[Result "1/2-1/2"]
[WhiteElo "2554"]
[BlackElo "2632"]
[PlyCount "60"]
[EventDate "2024.09.11"]
[WhiteTeam "Finland"]
[BlackTeam "Azerbaijan"]
[WhiteTeamCountry "FIN"]
[BlackTeamCountry "AZE"]

1. d4 Nf6 2. c4 e6 3. g3 d5 4. Bg2 Be7 5. Nf3 O-O 6. O-O dxc4 7. Ne5 Nc6 8. Bxc6 bxc6 9. Nxc6 Qe8 10. Nxe7+ Qxe7 11. Qa4 e5 12. dxe5 Qxe5 13. Nc3 Ne4 14. Qxc4 Nxc3 15. bxc3 Be6 16. Bf4 Bxc4 17. Bxe5 c6 ({RR} 17... Rfe8 18. Bxc7 Rxe2 19. a4 Rc8 20. Bf4 Rc2 21. Rfc1 Rxc1+ 22. Rxc1 a5 23. Rb1 f6 24. Rb8 Rxb8 25. Bxb8 Bb3 26. Bc7 Bxa4 27. Bxa5 Kf7 28. f3 Ke6 29. Kf2 Kd5 30. Bb6 g6 31. Bd4 f5 32. Bh8 {½-½ So,W (2776)-Aronian,L (2765) Sinquefield Cup 7th 2019 (11)}) 18. Rfe1 Rfe8 19. Bd4 Bxe2 20. Be3 $146 ({RR} 20. a4 a5 21. Kg2 h5 22. f3 Bc4 23. g4 hxg4 24. fxg4 Rxe1 25. Rxe1 Bb3 26. Bb6 Bxa4 27. Ra1 Bb3 28. Rxa5 Rxa5 {½-½ Meier,G (2628)-Giri,A (2782) Dortmund 46th 2018 (2)}) ({RR} 20. a3 a6 {½-½ Valls Casas,J (2088)-Tscharotschkin,M (2179) Calvia Amateur op 7th 2010 (2)}) 20... Bf3 21. Bxa7 Rxe1+ 22. Rxe1 f6 23. Re7 Rd8 24. Re1 Ra8 25. Re7 Rd8 26. Re1 Ra8 27. Re7 Rd8 28. Re1 Ra8 29. Re7 Rd8 30. Re1 Ra8 1/2-1/2

[Event "45th Olympiad 2024"]
[Site "Budapest HUN"]
[Date "2024.09.12"]
[Round "2.12"]
[Board "2"]
[White "Abasov, Nijat"]
[Black "Sipila, Vilka"]
[Result "1-0"]
[WhiteElo "2626"]
[BlackElo "2462"]
[PlyCount "87"]
[EventDate "2024.09.11"]
[WhiteTeam "Azerbaijan"]
[BlackTeam "Finland"]
[WhiteTeamCountry "AZE"]
[BlackTeamCountry "FIN"]

1. e4 c5 2. Nf3 d6 3. d4 cxd4 4. Nxd4 Nf6 5. Nc3 a6 6. Be3 e5 7. Nb3 Be6 8. h3 Be7 9. Qf3 O-O 10. O-O-O b5 11. g4 b4 12. Nd5 Nxd5 13. exd5 Bc8 14. Bd3 ({RR} 14. h4 a5 15. Nd2 a4 16. Bd3 Ba6 17. Qe4 Bxd3 18. Qxd3 Qc7 19. Kb1 Nd7 20. Ne4 Rfc8 21. Rc1 Nf6 22. Nxf6+ Bxf6 23. c4 bxc3 24. Rxc3 Qb7 25. Rxc8+ Rxc8 26. Qe4 Rb8 27. Bc1 Qb5 28. g5 Bd8 {½-½ Nandhidhaa,P (2344)-Aakash Sharadchandra,D (2291) VIII ShakkiNet GM 2024 (9.7)}) 14... a5 15. Nd2 a4 ({RR} 15... Ba6 16. Bf5 a4 17. h4 b3 18. axb3 axb3 19. Nxb3 Nd7 20. g5 Nb6 21. Na5 Be2 22. Qxe2 Rxa5 23. b4 Ra3 24. Rh3 Na4 25. Kd2 Nc3 26. Qc4 Nxd1 27. Kxd1 g6 28. Bg4 h5 29. Bc1 Ra1 30. Be2 {0-1 Anand,V (2753)-Ding,L (2791) Legends of Chess Prelim rapid 2020 (8.3)}) 16. Ne4 $146 ({RR} 16. Qe4 f5 17. gxf5 Bxf5 18. Qxb4 Bxd3 19. cxd3 a3 20. b3 Na6 21. Qb6 Nc7 22. Qc6 Ra6 23. Qc4 Qa8 24. Kb1 Nxd5 25. Ne4 Rc8 26. Qb5 Rb8 27. Qd7 Bh4 28. Rhg1 g6 29. Rc1 Qb7 30. Qe6+ Kg7 {1-0 Pacheco Lugo,A (2127)-Leiva Rodriguez,J (2391) Titled Tuesday intern op 22nd June blitz 2021 (10)}) ({RR} 16. Kb1 Ba6 17. Ne4 Qc7 18. Qf5 g6 19. Qf3 b3 20. a3 Nd7 21. c3 Bxd3+ 22. Rxd3 f5 23. gxf5 Rxf5 24. Qg4 Nb6 25. h4 Qc4 26. Rhd1 Kh8 27. Bxb6 Rf4 28. Qe6 Qxe4 29. Qxe7 Rxh4 30. Be3 Rh1 {1-0 Sredojevic,I (2232)-Radovic,L (2328) SRB-chT Subotica 2019 (10.6)}) 16... b3 17. cxb3 axb3 18. a3 Qc7+ 19. Kb1 Ba6 20. Qe2 Qb7 21. Rc1 Qxd5 22. Rhd1 Qb7 23. Nc3 Rc8 24. Qd2 Bxd3+ 25. Qxd3 Bf8 26. Qd5 Qxd5 27. Nxd5 Nd7 28. Rd3 Rxc1+ 29. Kxc1 Rb8 30. Kd2 g6 31. Kc3 e4 32. Rd1 f5 33. gxf5 gxf5 34. Ba7 Rb7 35. Bd4 Kf7 36. a4 Nb8 37. a5 Ke6 38. Bb6 Kd7 39. Kxb3 Bg7 40. Ka3 Kc6 41. b4 Rf7 42. Ka4 f4 43. b5+ Kb7 44. Re1 1-0

[Event "45th Olympiad 2024"]
[Site "Budapest HUN"]
[Date "2024.09.12"]
[Round "2.13"]
[Board "2"]
[White "Burovic, Rijad"]
[Black "Anton Guijarro, David"]
[Result "0-1"]
[WhiteElo "2426"]
[BlackElo "2665"]
[PlyCount "70"]
[EventDate "2024.09.11"]
[WhiteTeam "Bosnia & Herzegovina"]
[BlackTeam "Spain"]
[WhiteTeamCountry "BIH"]
[BlackTeamCountry "ESP"]

1. e4 c6 2. d4 d5 3. e5 Bf5 4. h4 h6 5. g4 Be4 6. f3 Bh7 7. Bd3 Bxd3 8. Qxd3 e6 9. h5 ({RR} 9. c3 h5 10. Be3 hxg4 11. h5 g3 12. Nd2 Ne7 13. Bg5 Qb6 14. Bxe7 Bxe7 15. f4 g2 16. Rh2 c5 17. Rxg2 cxd4 18. cxd4 Nc6 19. Ngf3 Kf8 20. Kf2 Nb4 21. Qc3 Rxh5 22. f5 exf5 23. Rag1 g6 {0-1 Bacrot,E (2677)-Anton Guijarro,D (2669) Titled Tue 9th Jul Late 2024 (4)}) 9... c5 10. c3 Nc6 ({RR} 10... Qb6 11. Ne2 a5 12. a4 Na6 13. f4 Ne7 14. Qb5+ Qc6 15. Na3 c4 16. b3 cxb3 17. Rb1 Qxb5 18. Nxb5 Nc6 19. Rxb3 O-O-O 20. O-O f6 21. Ba3 Bxa3 22. Nxa3 Rd7 23. Nb5 Kb8 24. Nd6 Ka7 25. Rfb1 {1-0 Anton Guijarro,D (2653)-Abel,D (2404) Bundesliga 2023-24 (13.2)}) 11. Ne2 Nge7 $146 ({RR} 11... Qb6 12. f4 Rc8 13. dxc5 Bxc5 14. Nd2 a5 15. Nb3 Bf2+ 16. Kf1 Qa7 17. Kg2 Nge7 18. Bd2 a4 19. Nbd4 Bxd4 20. cxd4 Qa6 21. Qxa6 bxa6 22. Rh3 Na7 23. Rc3 Kd7 24. Rac1 Nb5 25. Rxc8 Nxc8 26. Nc3 {0-1 Prusikin,M (2526)-Neuman,P (2440) BL2-Ost 1718 2017 (3.3)}) ({RR} 11... Qb6 12. Na3 Rc8 13. Nc2 cxd4 14. cxd4 Nb4 15. Nxb4 Bxb4+ 16. Kf2 Qa6 17. Qxa6 bxa6 18. Be3 Ne7 19. Rhc1 Kd7 20. Nf4 Ba5 21. Nd3 Bb6 22. b4 Rc4 23. Ke2 Rhc8 24. Nc5+ Bxc5 25. bxc5 Rb8 26. Kd3 {1-0 Savchenko,B (2564)-Visakh,N (2516) Titled Tuesday intern op 4th Aug 10am blitz 2020 (10)}) 12. f4 f5 13. exf6 gxf6 14. dxc5 Rg8 15. Rg1 Qd7 16. Na3 e5 17. Nb5 O-O-O 18. Nd6+ Kb8 19. f5 Nc8 20. Qxd5 Bxd6 21. cxd6 Qg7 22. Bd2 Nxd6 23. O-O-O Nxf5 24. Qc5 Nd6 25. Be3 Ne4 26. Qc4 Qh7 27. Rxd8+ Rxd8 28. Ng3 Nxg3 29. Rxg3 f5 30. gxf5 Qxf5 31. Qe2 Nd4 32. Qg2 Nc2 33. Rg8 Nxe3 34. Rxd8+ Kc7 35. Qd2 Qf1+ 0-1

[Event "45th Olympiad 2024"]
[Site "Budapest HUN"]
[Date "2024.09.12"]
[Round "2.13"]
[Board "3"]
[White "Pichot, Alan"]
[Black "Culum, Sanjin"]
[Result "1-0"]
[WhiteElo "2628"]
[BlackElo "2409"]
[PlyCount "137"]
[EventDate "2024.09.11"]
[WhiteTeam "Spain"]
[BlackTeam "Bosnia & Herzegovina"]
[WhiteTeamCountry "ESP"]
[BlackTeamCountry "BIH"]

1. e4 c5 2. Nf3 d6 3. Bb5+ Nd7 4. O-O a6 5. Be2 Ngf6 6. d3 g6 7. c4 Bg7 8. Nc3 Ne5 9. Nxe5 dxe5 10. Be3 Nd7 $146 ({RR} 10... Qd6 11. a3 O-O 12. Rb1 Nd7 13. b4 b6 14. Qc2 Rd8 15. Na4 e6 16. Rb2 Bf8 17. bxc5 bxc5 18. Qc3 Qc7 19. Rfb1 Ra7 20. Bd2 a5 21. Qc1 Bb7 22. Nc3 Bc6 23. Qe1 a4 24. Nb5 Bxb5 25. Rxb5 {½-½ Roiz,M (2575)-Aizenberg,B (2396) TCh-ISR 2024 (2.2)}) ({RR} 10... Qd6 11. Na4 Nd7 12. b4 cxb4 13. c5 Qc6 14. Qb3 a5 15. a3 bxa3 16. Qxa3 O-O 17. Rfc1 Rd8 18. Bd1 Ra6 19. Nb6 Nxb6 20. cxb6 Qf6 21. Rc7 Bf8 22. Qc1 Ra8 23. Ra3 Bd7 24. Rxb7 Rac8 25. Rc7 {1-0 Horvath,A (2420)-Dau Khuong Duy (2373) SixDays July GMA 2024 (4.3)}) 11. Rb1 O-O 12. b4 cxb4 13. Rxb4 e6 14. Na4 Qa5 15. Bd2 Qc7 16. c5 Nb8 17. Nb6 Ra7 18. Be3 Nc6 19. Rc4 Rd8 20. Qd2 Nd4 21. f4 Bd7 22. fxe5 Nxe2+ 23. Qxe2 Bb5 24. d4 a5 25. Qf3 Ra6 26. Rcc1 Bxf1 27. Rxf1 Rf8 28. d5 Bxe5 29. d6 Qc6 30. Nc4 Bg7 31. e5 Qd5 32. Nb6 Rxb6 33. cxb6 Bxe5 34. Rd1 Qxf3 35. gxf3 Rd8 36. d7 f6 37. f4 Bb8 38. Rc1 Kf7 39. Rc7 e5 40. Rxb7 Ke6 41. fxe5 Bxe5 42. Ra7 Rxd7 43. Rxa5 Rd1+ 44. Kg2 Rb1 45. a4 Rb3 46. Kf2 f5 47. Rxe5+ Kxe5 48. a5 f4 49. Bc5 Kd5 50. a6 Kc6 51. b7 g5 52. Bd6 Rb2+ 53. Kf1 Rb1+ 54. Ke2 Rb2+ 55. Kd3 Rb3+ 56. Kc4 Rxb7 57. axb7 Kxb7 58. Kd5 Kc8 59. Ke6 h6 60. Kf5 Kd7 61. Bb8 Ke7 62. Kg6 Ke6 63. Bc7 Ke7 64. Kxh6 Kf6 65. Kh5 Kf5 66. h3 f3 67. Bg3 f2 68. Bxf2 Kf4 69. Be1 1-0

[Event "45th Olympiad 2024"]
[Site "Budapest HUN"]
[Date "2024.09.12"]
[Round "2.13"]
[Board "4"]
[White "Marjanovic, Dejan"]
[Black "Santos Latasa, Jaime"]
[Result "1/2-1/2"]
[WhiteElo "2365"]
[BlackElo "2624"]
[PlyCount "90"]
[EventDate "2024.09.11"]
[WhiteTeam "Bosnia & Herzegovina"]
[BlackTeam "Spain"]
[WhiteTeamCountry "BIH"]
[BlackTeamCountry "ESP"]

1. d4 Nf6 2. Nf3 e6 3. Bg5 h6 4. Bh4 c5 5. e3 cxd4 6. exd4 Be7 7. Nbd2 Nc6 ({RR} 7... b6 8. Bd3 Ba6 9. Qe2 Bxd3 10. Qxd3 Nc6 11. c3 O-O 12. O-O d5 13. Rfe1 Nh5 14. Bxe7 Qxe7 15. Ne5 Nxe5 16. Rxe5 Nf6 17. a4 a6 18. a5 bxa5 19. Rxa5 Qc7 20. Ra2 Ng4 21. Rh5 Rfb8 22. f3 {½-½ Abasov,N (2516)-Khismatullin,D (2682) Nakhchivan op 2014 (2)}) 8. c3 O-O 9. Bd3 Nh5 $146 ({RR} 9... b6 10. O-O Bb7 11. Re1 Nh5 12. Bg3 f5 13. Ne5 Nxg3 14. hxg3 Nxe5 15. dxe5 f4 16. g4 f3 17. g3 Bh4 18. Ne4 Qc7 19. gxh4 Rf4 20. Ng3 Rxg4 21. Re4 Bxe4 22. Bxe4 Rf8 23. Bxf3 Rgf4 24. Bg2 {½-½ Karlik,V (2301)-Hujo,J (2090) Tatry op Tatranske Zruby 2008 (9)}) ({RR} 9... Nd5 10. Bg3 Bg5 11. Ne4 Nf4 12. Nfxg5 hxg5 13. Bxf4 gxf4 14. Qh5 g6 15. Qh6 Re8 16. Nd6 Rf8 17. Qxf4 Qe7 18. O-O-O e5 19. dxe5 Qxe5 20. Qxe5 Nxe5 21. Rhe1 Nxd3+ 22. Rxd3 Rd8 23. Rde3 b6 24. Re8+ {1-0 Dowgird,F (2348)-Obidjonov,O (2089) Titled Tue 13th Aug Early 2024 (7)}) ({RR} 9... Nd5 10. Bxe7 Ncxe7 11. O-O b6 12. Re1 Bb7 13. a4 Qc7 14. a5 bxa5 15. Nb3 Rab8 16. Nxa5 Nf4 17. Ra2 Ba8 18. Bf1 f5 19. Ne5 Rf6 20. f3 Nfd5 21. Qa4 Nb6 22. Qa3 d6 23. Nec4 Bd5 24. b3 {½-½ Perez Rodriguez,J (2211)-L'Ami,A (2446) Olympiad Women-41 2014 (1.2)}) 10. Bxe7 Nxe7 11. O-O Nf4 12. Bc2 b6 13. Re1 Qc7 14. Ne5 d6 15. Nd3 Nfd5 16. Nf1 Bb7 17. Ne3 Rae8 18. a4 e5 19. Bb3 Nxe3 20. fxe3 Nd5 21. Qd2 Nf6 22. Rad1 Re7 23. Nf2 exd4 24. Qxd4 Rd8 25. e4 Re5 26. Bc2 Rd7 27. c4 Re6 28. b3 Rde7 29. Re3 d5 30. cxd5 Bxd5 31. Bb1 Bc6 32. Qd8+ Qxd8 33. Rxd8+ Kh7 34. Rd4 g6 35. Bd3 Kg7 36. h3 h5 37. Bc2 Rd7 38. Red3 Kf8 39. b4 Rxd4 40. Rxd4 Ke7 41. Bb3 Re5 42. Rc4 Kd6 43. Rd4+ Ke7 44. Rc4 Kd6 45. Rd4+ Ke7 1/2-1/2

[Event "45th Olympiad 2024"]
[Site "Budapest HUN"]
[Date "2024.09.12"]
[Round "2.14"]
[Board "3"]
[White "Cubas, Jose Fernando"]
[Black "Maurizzi, Marc'Andria"]
[Result "0-1"]
[WhiteElo "2417"]
[BlackElo "2595"]
[PlyCount "62"]
[EventDate "2024.09.11"]
[WhiteTeam "Paraguay"]
[BlackTeam "France"]
[WhiteTeamCountry "PAR"]
[BlackTeamCountry "FRA"]

1. e4 c5 2. Nf3 Nc6 3. d4 cxd4 4. Nxd4 Nf6 5. Nc3 e6 6. Ndb5 Bc5 7. Bf4 O-O 8. Bc7 Qe7 9. Bd6 Bxd6 10. Qxd6 Qd8 11. O-O-O a6 12. Nd4 Ne7 13. h4 b5 14. Nb3 ({RR} 14. h5 Ne8 15. Qh2 h6 16. g4 b4 17. Na4 Qa5 18. b3 Bb7 19. f3 Rc8 20. Kb1 Qc7 21. Qxc7 Rxc7 22. Nb6 Nf6 23. Rh2 Rb8 24. Nc4 d5 25. exd5 Nexd5 26. Kb2 Nc3 27. Rdd2 Rd7 28. a3 bxa3+ {1-0 Fressinet,L (2652)-Dreev,A (2606) Julius Baer Rapid Div 2 W 2023 (1.2)}) 14... Ne8 15. Qb4 $146 ({RR} 15. Qd2 Qc7 16. a3 Rb8 17. h5 d6 18. h6 g6 19. Kb1 Nc6 20. Nd4 Bd7 21. Na2 Qb6 22. f3 Ne5 23. Nb3 f5 24. exf5 Rxf5 25. Qd4 Nc6 26. Qxb6 Rxb6 27. Nb4 Ne5 28. Rd4 g5 29. Be2 d5 {½-½ Amar,E (2567)-Ghasi,A (2485) Fagernes GM Open 2024 (8.5)}) ({RR} 15. Qd2 Qc7 16. f3 b4 17. Na4 a5 18. Qd4 Rb8 19. Qc5 Qxc5 20. Naxc5 d6 21. Nd3 Nc6 22. Nf4 Bd7 23. Nd2 Ne5 24. Nd3 Nxd3+ 25. Bxd3 Nf6 26. Nc4 d5 27. exd5 Nxd5 28. Be4 Rb5 29. Ne5 Bc8 {1-0 Girsh,D (2206)-Zhuang,K (1998) 124th US Open 2024 (6.5)}) 15... Nc6 16. Qc5 Qc7 17. a3 d6 18. Qe3 b4 19. axb4 Nxb4 20. h5 h6 21. Qd4 a5 22. Bb5 e5 23. Qd2 Qb6 24. Ba4 Nf6 25. Qxd6 Qxf2 26. Nc5 Bg4 27. Rdf1 Qe3+ 28. Kb1 Rac8 29. Nd3 Rxc3 30. Nxb4 Nxe4 31. Qa6 Nd2+ 0-1

[Event "45th Olympiad 2024"]
[Site "Budapest HUN"]
[Date "2024.09.12"]
[Round "2.14"]
[Board "4"]
[White "Lagarde, Maxime"]
[Black "Almiron, Antonio"]
[Result "1/2-1/2"]
[WhiteElo "2598"]
[BlackElo "2312"]
[PlyCount "63"]
[EventDate "2024.09.11"]
[WhiteTeam "France"]
[BlackTeam "Paraguay"]
[WhiteTeamCountry "FRA"]
[BlackTeamCountry "PAR"]

1. e4 {Shevchenko, Kirill} e5 2. Nf3 Nc6 3. Bb5 a6 4. Ba4 Nf6 5. Nc3 d6 6. Bxc6+ bxc6 7. d4 Nd7 8. Bg5 $146 ({RR} 8. dxe5 dxe5 9. Be3 Bd6 10. O-O O-O 11. Qd2 Qe7 12. Na4 Rb8 13. b3 Bb7 14. c4 Rbd8 15. Qa5 c5 16. b4 Qe6 17. bxc5 Be7 18. Nd2 Nf6 19. f3 Rd3 20. Rfe1 Rfd8 21. Rab1 Bc6 22. Nb2 R3d7 {1-0 Tarrasch,S-Chigorin,M Match Chigorin-Tarrasch +9-9=4 1893 (11)}) ({RR} 8. O-O a5 9. b3 Be7 10. Re1 ({RR} 10. Bb2 O-O 11. Qd2 f6) ({RR} 10. dxe5 dxe5 11. Na4 O-O 12. Qe2 Bd6 13. Rd1 Qe7) 10... O-O 11. Ba3 f6 12. Na4 ({RR} 12. Qe2 Ba6 13. Qe3 Qe8 14. Rad1) 12... Nb6 13. Nxb6 cxb6 14. c4 Qe8 15. Qd3 Kh8 16. Rad1 Bg4 ({RR} 16... c5 17. dxc5 bxc5 18. Nh4 g6 19. g3 Qc6 20. Ng2 Bb7 21. f3 f5) 17. h3 Bh5 18. g4 Bf7 19. Nh4 g6 20. Ng2 Rd8 21. f4 b5 22. cxb5 cxb5 {½-½ Shevchenko,K (2644)-Aronian,L (2765) Warsaw Superbet Classic rapid 2022 (6.5)}) ({RR} 8. Be3 Be7 9. dxe5 dxe5 10. Qe2 Bd6 11. Qc4 Rb8 12. b3 Rb4 13. Qe2 O-O 14. O-O a5 15. Nd2 Nc5 16. Rfd1 Ba6 17. Qe1 Ne6 18. Nf3 Qe7 19. a3 Rbb8 20. Ne2 Kh8 21. Ng3 g6 22. Qxa5 Bc8 {1-0 Chen,R (2316)-Homa,S (2234) Charlotte Spring GMA 2024 (3.4)}) ({RR} 8. O-O Be7 9. Be3 O-O 10. Qd2 exd4 11. Nxd4 Ne5 12. f4 c5 13. fxe5 cxd4 14. Qxd4 dxe5 15. Qxe5 Bd6 16. Qh5 Rb8 17. Rad1 Qe8 18. Bc1 Be5 19. Rd3 Rb6 20. Rd5 Re6 21. Be3 Bb7 22. Rd2 Bd6 {½-½ Marco,G-Chigorin,M Nuernberg InternationalesMeisterturnier 1896 (18)}) 8... f6 9. Be3 Be7 10. Qe2 Nb6 11. O-O-O Bd7 12. Rd2 Qc8 13. Rhd1 Bg4 14. h3 Bh5 15. g4 Bf7 16. d5 c5 17. Nh4 g6 18. f4 exf4 19. Bxf4 Nd7 20. Bh6 Qb7 21. Rf1 O-O-O 22. Ng2 Rde8 23. Ne3 Bf8 24. Bxf8 Rhxf8 25. Nc4 g5 26. Rf3 Bg6 27. Na5 Qa8 28. Re3 Ne5 29. Nd1 Kd7 30. Nf2 Ke7 31. Nd3 Nd7 32. h4 1/2-1/2

[Event "45th Olympiad 2024"]
[Site "Budapest HUN"]
[Date "2024.09.12"]
[Round "2.15"]
[Board "1"]
[White "Volokitin, Andrei"]
[Black "Meier, Georg"]
[Result "1/2-1/2"]
[WhiteElo "2660"]
[BlackElo "2591"]
[PlyCount "61"]
[EventDate "2024.09.11"]
[WhiteTeam "Ukraine"]
[BlackTeam "Uruguay"]
[WhiteTeamCountry "UKR"]
[BlackTeamCountry "URU"]

1. e4 e6 2. d4 d5 3. Nc3 Nf6 4. e5 Nfd7 5. f4 c5 6. Nf3 Nc6 7. Be3 cxd4 8. Nxd4 Bc5 9. Qd2 O-O 10. O-O-O Bxd4 11. Bxd4 Qa5 12. Kb1 Rb8 13. Nb5 Qxd2 14. Rxd2 a6 15. Nd6 Nxd4 16. Rxd4 f6 17. exf6 Nxf6 18. Nxc8 Rfxc8 19. c4 $146 ({RR} 19. Bd3 Kf7 20. Re1 Rc6 21. a4 b5 22. axb5 axb5 23. Rb4 Rc5 24. c3 g6 25. Kc2 Ng4 26. h3 Nf2 27. Ra1 Nxd3 28. Kxd3 Kf6 29. g4 h6 30. Rd4 Rb6 31. h4 g5 32. fxg5+ hxg5 33. h5 e5 {0-1 Maerevoet,S (2436)-Hovhanisian,M (2405) ch-BEL 2024 Lier BEL (3.5)}) ({RR} 19. g3 Kf7 20. Bd3 Ke7 21. Rd1 b5 22. a4 Kd6 23. c3 bxa4 24. Ka2 a5 25. Rxa4 Rc5 26. Ra3 h6 {½-½ Zelcic,R (2547)-Zvjaginsev,V (2643) EU-ch 11th Rijeka 2010 (4)}) 19... b5 20. cxd5 Rd8 21. Be2 Rxd5 22. Rhd1 Kf7 23. Bf3 Rxd4 24. Rxd4 Ke7 25. b4 h6 26. Kc2 g5 27. Kd3 Rc8 28. Kd2 gxf4 29. Rxf4 Rd8+ 30. Ke3 Nd5+ 31. Ke4 1/2-1/2